JetPunker Quiz - Eomer - Statistics

General Stats
  • This quiz has been taken 6 times
  • The average score is 12 of 15
Answer Stats
Hint Answer % Correct
Number of quiz takes (to nearest thousand) 16000
100%
Number of badges 19
100%
Siblings on JetPunk Aragorn
100%
Book series in which Eomer is a character Lord of the Rings
100%
Country of residence New Zealand
100%
ThatHyperCat
100%
Capybarra game blog she participated in Total Drama Action
100%
Year she joined JetPunk 2023
75%
Team on which she was on at elimination in above Adventurous Actors
75%
Nickname Ana
75%
Second most taken quiz, ___ ______ Flavors by Picture Ice Cream
75%
Birth month July
75%
Fifth most taken quiz,and most controversial: ______ _____ or ___ _____ Donald Trump or Joe Biden
50%
Most taken quiz - LOTR Fellowship ______ - Sudden Death Quotes
50%
Most taken quiz series - __ ______ that Contain or Don't Contain the letter US States
50%
No matching quizzes found
Score Distribution
Percent of People with Each Score
Percentile by Number Answered
Your Score History
You have not taken this quiz